Statistics for Match the lyrics to the Eminem song

Click here to take the quiz!

General Stats

  • This quiz has been taken 76 times
  • The average score is 9 of 11

Answer Stats

HintAnswer% Correct
There's Vomit on his sweater already, Mom's spaghettiLose Yourself
98%
They try to shut me down on MTVWithout me
92%
We're all we got in this world, when it spins, when it swirlsMockingbird
81%
Till the day that I drop you'll never say that I'm not killing em'Till I Collapse
81%
Hi kids! Do you like violence?My name is
79%
My tea's gone cold i'm wondering why I got out of bed at allStan
78%
I can swallow a bottle of alcoholGodzilla
73%
I want to save you girl, come be in Shady's worldSuperman
73%
We'll walk this road together, through the stormNot Afraid
68%
Something's wrong, I can feel itRap God
68%
He could be working at a burger king, spittin' on your onion ringsReal Slim Shady
60%

Score Distribution

Percentile by Number Answered

Percent of People with Each Score

Your Score History

You have not taken this quiz